Anglicko-český chemický slovník

Saved in:
Bibliographic Details
Format: Book
Language:Czech
Published: Praha SNTL 1988
Edition:1. vyd.
Online Access:View in OPAC
Tags: Add Tag
No Tags, Be the first to tag this record!

MARC

LEADER 00000nam a2200000 a 4500
005 20260127134127.0
008 131003s1988 CS 0 cze c
035 |a vtls001148491 
035 |a SNK000091350 
039 9 |a 201310031211  |b VLOAD  |c 201306201931  |d VLOAD  |c 200904011135  |d mschk03  |y 200412251132  |z VLOAD 
040 |a SNK  |b slo  |c SNK  |d STUSCHK1  |e AACR2 
041 0 |a cze 
044 |a [CS] 
080 |a 801.316.4:54=20=850  |2 1981 
245 0 |a Anglicko-český chemický slovník 
250 |a 1. vyd. 
260 |a Praha  |b SNTL  |c 1988 
300 |a 550, [2] s.  |c 8° 
500 |a Súbež. tit. list angl. 
910 |a SCHK95 
999 |c 4683  |d 4683